[Event "Troy (TCC/M/2/6)"]
[Site "?"]
[Date "1993.??.??"]
[Round "?"]
[White "Mills, J."]
[Black "Costaras, B."]
[Result "1-0"]
[WhiteElo "2205"]
[BlackElo "1860"]
[PlyCount "45"]
[EventDate "1993.??.??"]

{2/(6)} 1. c4 Nf6 2. Nc3 c5 3. g3 d5 4. cxd5 Nxd5 5. Bg2 Nb4 6. Nf3 N8c6 7. O-O
e5 8. d3 Be7 9. a3 Na6 10. Be3 O-O 11. Rc1 f6 12. Nd2 Nab8 13. Na4 b6 14. b4
Be6 15. b5 Bd5 16. bxc6 Bxg2 17. Kxg2 Nxc6 18. Nc3 g5 19. Qb3+ Kg7 20. Qe6 Nd4
21. Bxd4 cxd4 22. Nd5 Bxa3 23. Rc7+ 1-0

[Event "Flint (Beg/1)"]
[Site "?"]
[Date "1993.??.??"]
[Round "?"]
[White "Miller, M."]
[Black "Kenworthy, Mark"]
[Result "1-0"]
[WhiteElo "1605"]
[BlackElo "1605"]
[PlyCount "61"]
[EventDate "1993.??.??"]

1. e4 e5 2. Nf3 Nc6 3. Nc3 Nf6 4. Bc4 Bb4 5. Nd5 Nxe4 6. a3 Bc5 7. Qe2 Nxf2 8.
Nxe5 O-O 9. Nxc6 bxc6 10. O-O cxd5 11. Bxd5 Rb8 12. d4 Bxd4 13. Be3 Bxb2 14.
Rab1 c6 15. Bf4 d6 16. Bxc6 Qc7 17. Bd5 Bd4 18. Rxb8 Qxb8 19. Be3 Qb6 20. Bxf2
Bc5 21. c4 Ba6 22. Kh1 Rc8 23. Bd4 Bxd4 24. Bxf7+ Kf8 25. Be6+ Ke8 26. Bxc8+
Kd8 27. Bxa6 Bb2 28. c5 dxc5 29. Rd1+ Kc7 30. Qe5+ Qd6 31. Qxd6# 1-0

[Event "Flint (Beg/5)"]
[Site "?"]
[Date "1993.??.??"]
[Round "?"]
[White "Miller, M."]
[Black "Gaiefsky, D."]
[Result "1-0"]
[WhiteElo "1605"]
[BlackElo "1605"]
[PlyCount "77"]
[EventDate "1993.??.??"]

1. e4 e5 2. Bc4 Nf6 3. Qf3 Nc6 4. d4 Nxd4 5. Qd3 c6 6. Bg5 Be7 7. Bxf6 Bxf6 8.
Nf3 b5 9. Nxd4 bxc4 10. Qxc4 d5 11. exd5 cxd5 12. Qc6+ Bd7 13. Qxd5 exd4 14.
O-O Be6 15. Qc6+ Bd7 16. Re1+ Kf8 17. Qc5+ Be7 18. Qxd4 a5 19. Re3 a4 20. Rg3
Bf6 21. Qc5+ Ke8 22. Re3+ Be7 23. Qg5 Kf8 24. Qe5 Rc8 25. Rg3 Rc5 26. Qxg7+ Ke8
27. Qxh8+ Bf8 28. Rg8 Ke7 29. Nc3 Be8 30. Re1+ Kd7 31. Rd1+ Kc6 32. Rxd8 a3 33.
Rc8+ Kd6 34. Ne4+ Kd5 35. Nxc5 axb2 36. Rg5+ Kc4 37. Qxb2 Be7 38. Qb3+ Kd4 39.
Qb4# 1-0

[Event "Flint (Beg/3)"]
[Site "?"]
[Date "1993.??.??"]
[Round "?"]
[White "Miller, M."]
[Black "Belill, Matt"]
[Result "0-1"]
[WhiteElo "1605"]
[BlackElo "1605"]
[PlyCount "120"]
[EventDate "1993.??.??"]

1. e4 e5 2. Bc4 Nf6 3. d3 Nc6 4. Nf3 d6 5. h3 a6 6. Ng5 d5 7. exd5 Nxd5 8. Qf3
Be6 9. O-O Nd4 10. Qe4 Nf6 11. Qxb7 Bxc4 12. dxc4 Nxc2 13. Qc6+ Nd7 14. Rd1 Nd4
15. Qe4 Be7 16. Nf3 Nxf3+ 17. Qxf3 Qc8 18. Nc3 Nf6 19. Bg5 Rb8 20. Bxf6 gxf6
21. Nd5 Rg8 22. Nxf6+ Bxf6 23. Qc6+ Ke7 24. g3 Bh8 25. Rd5 Rb6 26. Qc5+ Rd6 27.
Rad1 Rgd8 28. f4 Ke8 29. fxe5 Rxd5 30. Rxd5 Rxd5 31. Qxd5 Qd8 32. Qc6+ Ke7 33.
Qxa6 Qd4+ 34. Kg2 Bxe5 35. Qa3+ Bd6 36. Qf3 Qxb2+ 37. Qf2 Qc3 38. c5 Qxc5 39.
Qxc5 Bxc5 40. g4 Ba3 41. Kf3 c5 42. Ke4 Kd6 43. h4 Bb2 44. a4 Kc6 45. h5 c4 46.
Ke3 Kb6 47. Kd2 c3+ 48. Kc2 Ka5 49. g5 Kxa4 50. h6 Kb4 51. Kb1 Kc4 52. Kc2 Kd5
53. Kb1 Ke5 54. Kc2 Kf5 55. Kb1 Kxg5 56. Kc2 f5 57. Kb1 f4 58. Kc2 f3 59. Kd3
Kg4 60. Ke3 c2 0-1

[Event "Gaylord (NMO/1/19)"]
[Site "?"]
[Date "1993.??.??"]
[Round "?"]
[White "Miller, J."]
[Black "Vaka, Flamur"]
[Result "0-1"]
[WhiteElo "1605"]
[BlackElo "1710"]
[PlyCount "68"]
[EventDate "1993.??.??"]

{1/(19)} 1. d4 Nf6 2. c4 c5 3. e3 cxd4 4. exd4 g6 5. Nf3 Bg7 6. Nc3 O-O 7. Be2
d6 8. O-O Bf5 9. b3 Nc6 10. Be3 Nb4 11. Rc1 a6 12. a3 Nc6 13. d5 Nb8 14. Qd2
Nbd7 15. Bh6 Nc5 16. Bxg7 Kxg7 17. Qb2 Qb6 18. b4 Bd3 19. Rcd1 Bf5 20. Qd2 Nce4
21. Qd4 Qxd4 22. Nxd4 Nxc3 23. Rde1 Nxe2+ 24. Rxe2 Bd3 25. Rxe7 Bxf1 26. Kxf1
Rfb8 27. g4 Kf8 28. Re2 Re8 29. g5 Rxe2 30. Kxe2 Ng4 31. h4 Ne5 32. c5 dxc5 33.
bxc5 Rc8 34. Nb3 Nd7 0-1

[Event "Gaylord (NMO/4/16)"]
[Site "?"]
[Date "1993.??.??"]
[Round "?"]
[White "Miller, J."]
[Black "Laemers, J."]
[Result "1-0"]
[WhiteElo "1605"]
[BlackElo "1605"]
[PlyCount "65"]
[EventDate "1993.??.??"]

{4/(16)} 1. d4 d6 2. e3 Nf6 3. c4 c6 4. Nf3 g6 5. b3 Bg7 6. Bb2 O-O 7. Be2 Bf5
8. O-O Ne4 9. Nc3 Nxc3 10. Bxc3 c5 11. Rc1 cxd4 12. Nxd4 Bxd4 13. exd4 Qd7 14.
d5 e6 15. Bf3 e5 16. Re1 Qe7 17. Bxe5 dxe5 18. d6 Qd7 19. Rxe5 Be6 20. Qd4 Nc6
21. Bxc6 bxc6 22. c5 Bd5 23. Rxd5 cxd5 24. Qxd5 Rac8 25. b4 Rfe8 26. g3 a6 27.
c6 Qa7 28. d7 Rcd8 29. dxe8=Q+ Rxe8 30. Qd7 Qa8 31. a4 Rd8 32. Qb7 Qxb7 33.
cxb7 1-0

[Event "Lansing (MI Am/2)"]
[Site "?"]
[Date "1993.??.??"]
[Round "?"]
[White "Miller, Doug"]
[Black "Gregg, Ted"]
[Result "0-1"]
[WhiteElo "1605"]
[BlackElo "1605"]
[PlyCount "66"]
[EventDate "1993.??.??"]

1. e4 e5 2. Nf3 Nc6 3. Bc4 Bc5 4. c3 Nf6 5. d4 exd4 6. cxd4 Bb4+ 7. Nc3 h6 8.
O-O O-O 9. e5 Nh7 10. a3 Ba5 11. d5 Ne7 12. Nd4 d6 13. e6 a6 14. Qg4 Nf6 15.
Qf3 fxe6 16. dxe6 d5 17. Bd3 c5 18. Nf5 Bxe6 19. Re1 Bxf5 20. Bxf5 Nxf5 21.
Qxf5 d4 22. Ne4 Bxe1 23. Bxh6 Nxe4 24. Qg6 Qf6 25. Qxf6 Rxf6 26. Rxe1 Nxf2 27.
Bg5 Rg6 28. h4 Nd3 29. Re2 Rf8 30. Be7 Re8 31. Bxc5 Rxe2 32. Bxd4 Rgxg2+ 33.
Kf1 Nxb2 0-1

[Event "Lansing (MI Am/5)"]
[Site "?"]
[Date "1993.??.??"]
[Round "?"]
[White "Miller, Doug"]
[Black "Boyle, John"]
[Result "0-1"]
[WhiteElo "1605"]
[BlackElo "1605"]
[PlyCount "104"]
[EventDate "1993.??.??"]

1. e4 c5 2. Nf3 d6 3. c3 Nf6 4. d4 cxd4 5. cxd4 Nxe4 6. Ng5 Nxg5 7. Bxg5 g6 8.
Bb5+ Bd7 9. Bxd7+ Nxd7 10. O-O Bg7 11. Re1 Nf6 12. Qa4+ Kf8 13. Nc3 h6 14. Bxf6
Bxf6 15. Nd5 Kg7 16. Re2 Bg5 17. Rae1 e6 18. Nc3 Qb6 19. d5 e5 20. Ne4 Rhc8 21.
Nxg5 hxg5 22. Qg4 Qd8 23. b3 Rc5 24. Rd2 Rac8 25. Red1 Rc1 26. g3 Rxd1+ 27.
Rxd1 Rc2 28. a4 Qf6 29. Rf1 Qf5 30. Qb4 Qd7 31. Re1 Rc5 32. Rd1 a5 33. Qd2 f6
34. Qe3 Qg4 35. Rc1 Qd4 36. Rxc5 dxc5 37. Qxd4 cxd4 38. Kf1 Kf7 39. Ke2 Ke7 40.
Kd3 Kd6 41. Kc4 g4 42. b4 axb4 43. a5 d3 44. Kxd3 Kxd5 45. Kd2 Kc4 46. Kc2 b3+
47. Kb1 Kc3 48. a6 bxa6 49. Ka1 Kc2 50. h4 gxh3 51. f4 h2 52. fxe5 h1=R# 0-1

[Event "Flint (Beg/2)"]
[Site "?"]
[Date "1993.??.??"]
[Round "?"]
[White "Miles, J."]
[Black "Gaiefsky, Joey"]
[Result "0-1"]
[WhiteElo "1605"]
[BlackElo "1605"]
[PlyCount "110"]
[EventDate "1993.??.??"]

1. e3 e5 2. Qf3 Nf6 3. d4 e4 4. Qh3 d5 5. Qg3 Bd6 6. f4 Nh5 7. Qf2 Bf5 8. h3
Nf6 9. g4 Bd7 10. g5 Nh5 11. Qh4 g6 12. Nc3 h6 13. Nb5 Bxb5 14. Bxb5+ c6 15.
Ba4 f5 16. c4 Bb4+ 17. Bd2 Bxd2+ 18. Kxd2 dxc4 19. Rc1 Qa5+ 20. Rc3 Qxa4 21. b3
Qxa2+ 22. Rc2 Qxb3 23. gxh6 c3+ 24. Rxc3 Qb2+ 25. Rc2 Qb4+ 26. Rc3 Rxh6 27. Qg5
Rh8 28. Qxg6+ Kd7 29. Qf7+ Qe7 30. Qxf5+ Qe6 31. Qg5 Qf6 32. Qg4+ Qe6 33. f5
Qf6 34. Ne2 Qf7 35. Nf4 Na6 36. Ng6 Qf6 37. Nxh8 Rxh8 38. Rb1 b5 39. Ra1 b4 40.
Rc4 Qf7 41. Rxa6 Qxc4 42. f6+ Kd6 43. Rxa7 Qd3+ 44. Ke1 Qxe3+ 45. Kd1 Qxd4+ 46.
Ke1 Qxa7 47. Qxe4 Qa1+ 48. Ke2 Ng3+ 49. Kf3 Nxe4 50. Kxe4 Qxf6 51. Kd3 Rh4 52.
Kc2 Qf3 53. Kb2 Rxh3 54. Kc2 Rh2+ 55. Kb1 Qf1# 0-1

[Event "Flint (Beg/5)"]
[Site "?"]
[Date "1993.??.??"]
[Round "?"]
[White "Miles, J."]
[Black "Boegler, D."]
[Result "0-1"]
[WhiteElo "1605"]
[BlackElo "1605"]
[PlyCount "70"]
[EventDate "1993.??.??"]

1. d4 d5 2. e3 Nf6 3. Nh3 Nc6 4. Bb5 Bf5 5. Bxc6+ bxc6 6. Nf4 e6 7. Qd2 Bd6 8.
b4 O-O 9. b5 cxb5 10. Nc3 Qb8 11. Rb1 a6 12. a4 Qb6 13. axb5 Qa5 14. bxa6 Bb4
15. Nfe2 Ne4 16. Qd3 Bxc3+ 17. Nxc3 Nxc3 18. Qd2 Rxa6 19. O-O Qa2 20. Bb2 Nxb1
21. Qe2 Rfa8 22. g4 Qxb2 23. gxf5 exf5 24. Qf3 Qxc2 25. h4 Nd2 26. Qe2 Re6 27.
Rd1 f4 28. Rxd2 Qg6+ 29. Kf1 Qf6 30. h5 f3 31. Qd3 g6 32. hxg6 fxg6 33. Qb5
Ra1+ 34. Qb1 Rxb1+ 35. Rd1 Rxd1# 0-1

[Event "Flint (Class DE/3)"]
[Site "?"]
[Date "1993.??.??"]
[Round "?"]
[White "Mihelich, John"]
[Black "Vangilder, W."]
[Result "0-1"]
[WhiteElo "1605"]
[BlackElo "1605"]
[PlyCount "84"]
[EventDate "1993.??.??"]

1. e4 Nc6 2. Nf3 d6 3. d4 Nf6 4. Nc3 a6 5. Be2 Bg4 6. O-O e6 7. h3 Bh5 8. Be3
Be7 9. a3 O-O 10. Qd2 d5 11. e5 Nd7 12. Nh2 Bxe2 13. Nxe2 h6 14. Ng3 Re8 15.
Ng4 Bg5 16. f4 Bh4 17. Rf3 Ne7 18. Raf1 Bxg3 19. Rxg3 Nf5 20. Rgf3 Kh7 21. Nh2
Qe7 22. g4 Nxe3 23. Qxe3 c5 24. c3 cxd4 25. cxd4 Rac8 26. f5 exf5 27. Rxf5 f6
28. Qd3 Kh8 29. Nf3 Rcd8 30. Nh4 Nf8 31. Re1 Kg8 32. Rh5 fxe5 33. Rexe5 Qc7 34.
Kf2 Rxe5 35. dxe5 Qb6+ 36. Kf3 d4 37. Nf5 Qxb2 38. Qc4+ Kh7 39. Qf7 Qc3+ 40.
Kf4 Ng6+ 41. Ke4 Qc2+ 42. Kf3 Nxe5+ 0-1

[Event "Flint (Class DE/5)"]
[Site "?"]
[Date "1993.??.??"]
[Round "?"]
[White "Mihelich, John"]
[Black "Cooper, G."]
[Result "1-0"]
[WhiteElo "1605"]
[BlackElo "1605"]
[PlyCount "61"]
[EventDate "1993.??.??"]

1. e4 e6 2. d4 c5 3. Nf3 cxd4 4. Nxd4 Nf6 5. Bd3 a6 6. O-O Nc6 7. c3 Be7 8. h3
d6 9. Nd2 Bd7 10. Re1 O-O 11. N2f3 Qc7 12. Be3 d5 13. Nxc6 Bxc6 14. e5 Nd7 15.
Bf4 Rfd8 16. Qc2 Nf8 17. Nh2 b5 18. Re3 d4 19. Rg3 g6 20. Re1 dxc3 21. bxc3 Qb7
22. Bh6 Rac8 23. Ng4 Nd7 24. Bf4 Bh4 25. Nh6+ Kg7 26. Rg4 Be7 27. Nxf7 Kxf7 28.
Bxg6+ Kf8 29. Bh6+ Kg8 30. Bxh7+ Kh8 31. Bg7# 1-0

[Event "Flint (Class DE/1)"]
[Site "?"]
[Date "1993.??.??"]
[Round "?"]
[White "Mihelich, John"]
[Black "Bensek, A."]
[Result "1-0"]
[WhiteElo "1605"]
[BlackElo "1605"]
[PlyCount "75"]
[EventDate "1993.??.??"]

1. e4 c5 2. c3 e5 3. Nf3 Nc6 4. Be2 Nf6 5. d3 d5 6. Bg5 Be7 7. Bxf6 Bxf6 8. O-O
Be6 9. h3 O-O 10. Nh2 b5 11. f4 exf4 12. Rxf4 Be5 13. Rf1 Qg5 14. Nf3 Qg3 15.
Nbd2 Bxh3 16. Rf2 d4 17. Nf1 Qg6 18. Nh4 Qg5 19. Nf5 dxc3 20. Kh1 Bd4 21. Nxd4
Nxd4 22. gxh3 Qh4 23. Rh2 f5 24. bxc3 Ne6 25. exf5 Rxf5 26. Bg4 Rf6 27. Qe1 Ng5
28. Qxh4 Nf3 29. Bxf3 Rxf3 30. Qe4 Raf8 31. Ne3 h6 32. Rg1 R3f4 33. Qd5+ R8f7
34. Ng4 Kh7 35. Rhg2 R7f5 36. Ne5 Rf1 37. Rxg7+ Kh8 38. Qg8# 1-0

[Event "Flint (Class A/2)"]
[Site "?"]
[Date "1993.??.??"]
[Round "?"]
[White "Michailoff, M."]
[Black "Zacks, Naum"]
[Result "0-1"]
[WhiteElo "1905"]
[BlackElo "1800"]
[PlyCount "86"]
[EventDate "1993.??.??"]

1. e4 Nf6 2. e5 Nd5 3. c4 Nb6 4. d4 d6 5. f4 dxe5 6. fxe5 Nc6 7. Nf3 Bg4 8. Be3
e6 9. Be2 Be7 10. O-O O-O 11. Nc3 Bf5 12. Qe1 Nb4 13. Qg3 Nc2 14. Bh6 Bg6 15.
Rac1 Nxd4 16. Nxd4 gxh6 17. Nf3 Kh8 18. Rcd1 Bc5+ 19. Kh1 Qe7 20. Qf4 Kg7 21.
a3 a5 22. Bd3 Rad8 23. Ne4 Na4 24. Qc1 Bd4 25. Nxd4 Rxd4 26. Rf4 Rfd8 27. Nd6
Rxf4 28. Qxf4 cxd6 29. Bxg6 hxg6 30. exd6 Qf6 31. Qxf6+ Kxf6 32. b3 Nc5 33. b4
axb4 34. axb4 Ne4 35. Rf1+ Kg7 36. c5 f5 37. g3 Kf7 38. Kg2 Nxd6 39. cxd6 Rxd6
40. Rf2 e5 41. Kf3 Rd3+ 42. Kg2 Rb3 43. g4 Ke6 0-1

[Event "Flint (Class A/4)"]
[Site "?"]
[Date "1993.??.??"]
[Round "?"]
[White "Michailoff, M."]
[Black "Morris, Jewell"]
[Result "1-0"]
[WhiteElo "1905"]
[BlackElo "1910"]
[PlyCount "105"]
[EventDate "1993.??.??"]

1. e4 c5 2. d4 cxd4 3. c3 dxc3 4. Nxc3 Nc6 5. Nf3 d6 6. Bc4 Nf6 7. Qe2 Bg4 8.
Bg5 e6 9. Rd1 Bxf3 10. Qxf3 Ne5 11. Bb5+ Nfd7 12. Qg3 Be7 13. Rxd6 f6 14. Rd1
O-O 15. Bh6 Rf7 16. f4 f5 17. h4 Nc6 18. exf5 exf5 19. Bc4 Bf6 20. O-O Qf8 21.
Kh1 Kh8 22. Bxf7 Qxf7 23. Bg5 Bxc3 24. Qxc3 Kg8 25. Rd6 h6 26. Rfd1 Nf8 27. Bd8
Nxd8 28. Rxd8 Rxd8 29. Rxd8 Qe7 30. Qc4+ Kh7 31. Rc8 Qxh4+ 32. Kg1 Qe1+ 33. Qf1
Qe3+ 34. Qf2 Qe7 35. Rc1 b6 36. Re1 Qf6 37. Qc2 Qd4+ 38. Qf2 Qd3 39. Qe3 Qd7
40. Qe5 Ng6 41. Qe3 Qa4 42. a3 Qc2 43. Re2 Qd1+ 44. Kf2 Qh1 45. Qg3 Qc1 46. Qe3
Qh1 47. Qg3 Qh5 48. Re6 b5 49. Ra6 Nf8 50. Rxa7 Ne6 51. Re7 Ng5 52. fxg5 hxg5
53. Qh3 1-0

[Event "East Lansing (MOR/7/22)"]
[Site "?"]
[Date "1993.??.??"]
[Round "?"]
[White "Meyer, A."]
[Black "Solski, Jeff"]
[Result "1-0"]
[WhiteElo "1605"]
[BlackElo "1605"]
[PlyCount "101"]
[EventDate "1993.??.??"]

{7/(22)} 1. c4 d6 2. Nc3 c6 3. g3 Nf6 4. Nf3 g6 5. Bg2 Bg7 6. O-O O-O 7. d3
Nbd7 8. Rb1 Ng4 9. Bg5 Nde5 10. Nxe5 Nxe5 11. Qc1 Re8 12. Bh6 Bh8 13. h3 Nd7
14. Ne4 Nf6 15. Ng5 Qc7 16. Qf4 e5 17. Qh4 Nh5 18. e3 f5 19. g4 Ng7 20. Rbe1
Qe7 21. Bxg7 Qxg7 22. gxf5 gxf5 23. Kh1 h6 24. Nf3 Re6 25. Rg1 Kf8 26. Qd8+ Re8
27. Qxd6+ Re7 28. Nh4 Ke8 29. Bxc6+ bxc6 30. Rxg7 Rxg7 31. Qxc6+ Kd8 32. Qxh6
Kc7 33. Kh2 Bd7 34. Rg1 Re7 35. b4 Rb8 36. b5 a6 37. a4 e4 38. d4 axb5 39. axb5
Ra8 40. Qf4+ Kb7 41. Nxf5 Bxf5 42. Qxf5 Rae8 43. Qd5+ Kb8 44. Ra1 Rb7 45. Qd6+
Rc7 46. b6 Ree7 47. bxc7+ Rxc7 48. Qd8+ Kb7 49. Rb1+ Ka6 50. Qa8+ Ra7 51. Qc6+
1-0

[Event "East Lansing (MOR/3/18)"]
[Site "?"]
[Date "1993.??.??"]
[Round "?"]
[White "Meyer, A."]
[Black "Falkowski, Kenneth"]
[Result "1-0"]
[WhiteElo "1605"]
[BlackElo "1700"]
[PlyCount "49"]
[EventDate "1993.??.??"]

{3/(18)} 1. c4 Nf6 2. Nc3 d5 3. cxd5 Nxd5 4. g3 Nxc3 5. bxc3 c6 6. Rb1 Qd5 7.
Nf3 Qxa2 8. Qb3 Qxb3 9. Rxb3 Be6 10. Rxb7 a5 11. Bg2 a4 12. Ba3 Bd5 13. O-O e6
14. Bxf8 Kxf8 15. Rfb1 Na6 16. d3 Bb3 17. Nd4 Nc5 18. Rc7 a3 19. Rxc6 Ra5 20.
Rc8+ Ke7 21. Rxh8 a2 22. Ra1 e5 23. Nc6+ Kf6 24. Nxa5 Be6 25. c4 1-0

[Event "Troy (TCC/M/4/1)"]
[Site "?"]
[Date "1993.??.??"]
[Round "?"]
[White "Men, Boris"]
[Black "Tsemekhman, Vadim"]
[Result "1-0"]
[WhiteElo "2545"]
[BlackElo "2435"]
[PlyCount "79"]
[EventDate "1993.??.??"]

{4/(1)} 1. e4 e6 2. c4 e5 3. Nf3 Nc6 4. Nc3 Bc5 5. Nxe5 Bxf2+ 6. Kxf2 Nxe5 7.
d4 Nc6 8. Be3 d6 9. Be2 Qh4+ 10. g3 Qd8 11. Kg2 Nge7 12. g4 Ng6 13. Rg1 h5 14.
gxh5 Qh4 15. Kh1 Bh3 16. Qe1 Qxe1 17. Raxe1 Nh4 18. Rxg7 O-O-O 19. Rg3 Ng2 20.
Rxg2 Bxg2+ 21. Kxg2 Rhg8+ 22. Kf2 f5 23. exf5 Rdf8 24. Bd3 Rh8 25. h6 Ne7 26.
Ke2 Nxf5 27. Bxf5+ Rxf5 28. Rf1 Rh5 29. Nd5 Rxh2+ 30. Rf2 Rh3 31. Rf7 Re8 32.
Rxc7+ Kd8 33. Rxb7 Rxh6 34. Rxa7 Rh2+ 35. Kd3 Re6 36. b4 Kc8 37. b5 Kb8 38. Re7
Rxe7 39. Nxe7 Rxa2 40. Bf4 1-0

[Event "Troy (TCC/M/2/1)"]
[Site "?"]
[Date "1993.??.??"]
[Round "?"]
[White "Men, Boris"]
[Black "Strugach, L."]
[Result "1-0"]
[WhiteElo "2545"]
[BlackElo "2345"]
[PlyCount "47"]
[EventDate "1993.??.??"]

{2/(1)} 1. e4 c5 2. c3 Nf6 3. e5 Nd5 4. Nf3 e6 5. g3 Nc6 6. Bg2 d6 7. exd6 Bxd6
8. O-O O-O 9. d4 Nf6 10. dxc5 Bxc5 11. Qe2 Qc7 12. b4 Bd6 13. Na3 Rd8 14. Nb5
Qe7 15. Rd1 Bb8 16. Be3 Nd5 17. Bc5 Qf6 18. Nd2 Rd7 19. Ne4 Qd8 20. c4 Nf6 21.
Rxd7 Bxd7 22. Rd1 Nxe4 23. Bxe4 Qe8 24. Qd2 1-0

[Event "Flint (MEX/3)"]
[Site "?"]
[Date "1993.??.??"]
[Round "?"]
[White "Mellen, Steve"]
[Black "Eagle, Chris"]
[Result "0-1"]
[WhiteElo "2025"]
[BlackElo "2085"]
[PlyCount "94"]
[EventDate "1993.??.??"]

1. Nf3 d6 2. g3 g6 3. Bg2 Bg7 4. O-O Nf6 5. d3 O-O 6. e4 c5 7. Nc3 Nc6 8. h3
Bd7 9. Nh4 e5 10. f4 Nh5 11. Ne2 Nxg3 12. Nxg3 Qxh4 13. Kh2 Nd4 14. c3 Ne6 15.
f5 Nf4 16. Qf3 g5 17. Bxf4 gxf4 18. Nh5 f6 19. Nxg7 Kxg7 20. Rg1 Rg8 21. Bf1+
Kf7 22. Be2 Rg5 23. Rxg5 fxg5 24. Qh5+ Qxh5 25. Bxh5+ Kf6 26. Rg1 d5 27. Rd1
Bc6 28. c4 dxe4 29. dxe4 Bxe4 30. Rd6+ Kg7 31. f6+ Kh6 32. Be8 Bg6 33. f7 Kg7
34. Rd7 b6 35. Re7 e4 36. Bc6 Rf8 37. Bd5 e3 38. Kg2 Bxf7 39. Rxa7 Kf6 40. Rb7
Bxd5+ 41. cxd5 Ke5 42. Kf3 h5 43. Rxb6 g4+ 44. hxg4 hxg4+ 45. Kxg4 f3 46. Re6+
Kxd5 47. Rxe3 f2 0-1

[Event "Flint (MEX/1)"]
[Site "?"]
[Date "1993.??.??"]
[Round "?"]
[White "Mellen, Steve"]
[Black "Avery, Robert W"]
[Result "1-0"]
[WhiteElo "2025"]
[BlackElo "2200"]
[PlyCount "151"]
[EventDate "1993.??.??"]

1. Nf3 Nf6 2. g3 c5 3. Bg2 d5 4. O-O Nc6 5. d4 cxd4 6. Nxd4 Qb6 7. Nb3 Bf5 8.
a3 e6 9. Be3 Qc7 10. Nc3 Be7 11. Rc1 a6 12. Na4 b5 13. Nac5 O-O 14. f3 d4 15.
Bf2 Rfd8 16. Nd3 e5 17. c3 Qb6 18. cxd4 exd4 19. Qd2 Nd5 20. Rxc6 Qxc6 21. Nxd4
Qd7 22. e4 Be6 23. Nxe6 fxe6 24. exd5 exd5 25. Ne5 Qd6 26. f4 Rac8 27. Rd1 d4
28. Qd3 Qe6 29. Bh3 Qxh3 30. Qb3+ Rc4 31. Nxc4 bxc4 32. Qxc4+ Kf8 33. Rxd4 Rc8
34. Qf1 Qxf1+ 35. Kxf1 Rc2 36. Ra4 Rxb2 37. Rxa6 Ra2 38. a4 h5 39. h3 Kf7 40.
Bd4 h4 41. gxh4 Rh2 42. Ra7 Ke8 43. Bxg7 Bxh4 44. Be5 Be7 45. a5 Rxh3 46. a6
Ra3 47. Bd4 Rf3+ 48. Ke2 Rxf4 49. Rxe7+ Kxe7 50. a7 Rxd4 51. a8=Q Ke6 52. Ke3
Rd5 53. Ke4 Re5+ 54. Kd4 Rg5 55. Qc8+ Kf6 56. Ke4 Ke7 57. Qc6 Kf7 58. Kf4 Rg6
59. Qd5+ Ke7 60. Kf5 Rd6 61. Qb7+ Ke8 62. Qc7 Rh6 63. Qg7 Rc6 64. Ke5 Rb6 65.
Qc7 Rg6 66. Kf5 Rh6 67. Qb8+ Ke7 68. Qb7+ Ke8 69. Qc7 Kf8 70. Qd7 Kg8 71. Qe7
Ra6 72. Qd8+ Kg7 73. Qd7+ Kh6 74. Qc8 Ra5+ 75. Kf6 Kh5 76. Qh3# 1-0

[Event "Flint (MI Jr/4)"]
[Site "?"]
[Date "1993.??.??"]
[Round "?"]
[White "McNeil, Yaking"]
[Black "Kenworthy, Mark"]
[Result "1-0"]
[WhiteElo "1605"]
[BlackElo "1605"]
[PlyCount "109"]
[EventDate "1993.??.??"]

1. e4 e5 2. Nf3 d5 3. exd5 Qxd5 4. Nc3 Qe6 5. Be2 Nc6 6. O-O f6 7. d4 Qd7 8. d5
Nb4 9. Bb5 c6 10. dxc6 bxc6 11. Qxd7+ Bxd7 12. Ba4 Bc5 13. a3 Nd5 14. Nxd5 cxd5
15. Bxd7+ Kxd7 16. Rd1 Ne7 17. c4 d4 18. b4 Bb6 19. a4 a5 20. Ba3 axb4 21. Bxb4
Nc6 22. Rdb1 Ba5 23. Bxa5 Nxa5 24. Nd2 Rhb8 25. Rxb8 Rxb8 26. c5 Nb3 27. Rb1
Nxd2 28. Rxb8 d3 29. f3 Nc4 30. Kf1 f5 31. Ke1 e4 32. fxe4 fxe4 33. Rb4 d2+ 34.
Kd1 Ne3+ 35. Kxd2 Nxg2 36. Rxe4 g5 37. Rg4 Nh4 38. Rxh4 gxh4 39. Kd3 Kc6 40.
Kc4 h3 41. a5 h5 42. a6 Kc7 43. a7 Kb7 44. Kd5 Kxa7 45. Kd6 h4 46. Kd7 Kb7 47.
c6+ Kb8 48. c7+ Ka7 49. Kc6 Ka6 50. c8=Q+ Ka5 51. Qb7 Ka4 52. Kc5 Ka3 53. Kc4
Ka2 54. Kc3 Ka1 55. Qb2# 1-0

[Event "Flint (Beg/3)"]
[Site "?"]
[Date "1993.??.??"]
[Round "?"]
[White "McNamara, Ron"]
[Black "Weatherly, Q."]
[Result "1-0"]
[WhiteElo "1605"]
[BlackElo "1605"]
[PlyCount "45"]
[EventDate "1993.??.??"]

1. e4 Nc6 2. Nc3 e5 3. b3 Nf6 4. f4 d6 5. Nf3 Bg4 6. Be2 Nd4 7. fxe5 dxe5 8.
Nxe5 Bxe2 9. Nxe2 Nxe2 10. Qxe2 Bd6 11. Bb2 O-O 12. O-O h6 13. Rf2 Bc5 14. d4
Bxd4 15. Rd1 c5 16. Bxd4 cxd4 17. c3 Qc7 18. cxd4 Rad8 19. Rf3 Qb6 20. Qe3 a5
21. Rg3 Qb4 22. Qxh6 Rxd4 23. Qxg7# 1-0

[Event "Gaylord (NMO/5/19)"]
[Site "?"]
[Date "1993.??.??"]
[Round "?"]
[White "McNamara, Ron"]
[Black "Waltz, Glenn"]
[Result "0-1"]
[WhiteElo "1605"]
[BlackElo "1605"]
[PlyCount "50"]
[EventDate "1993.??.??"]

{5/(19)} 1. e4 c5 2. d4 cxd4 3. c3 e5 4. f4 Nc6 5. Nf3 d6 6. Bc4 Be7 7. O-O Bg4
8. Qd3 dxc3 9. Nxc3 Bxf3 10. Rxf3 Nf6 11. Nd5 O-O 12. f5 Nd4 13. Rg3 Nxd5 14.
Bxd5 Qc7 15. Bh6 Bf6 16. Qd1 Kh8 17. Bg5 Bxg5 18. Rxg5 f6 19. Rg6 Qb6 20. Kh1
Qxb2 21. Rb1 Qe2 22. Qxe2 Nxe2 23. Rg4 Rab8 24. Rxb7 Rxb7 25. Bxb7 Rb8 0-1

[Event "Trenton (Mar)"]
[Site "?"]
[Date "1993.??.??"]
[Round "?"]
[White "McNamara, Ron"]
[Black "Vangilder, W."]
[Result "0-1"]
[WhiteElo "1605"]
[BlackElo "1605"]
[PlyCount "99"]
[EventDate "1993.??.??"]

1. g3 Nf6 2. Bg2 d5 3. d3 Bg4 4. Nf3 Qd7 5. Bg5 Bh3 6. O-O Bxg2 7. Kxg2 Nh5 8.
c4 h6 9. Be3 e6 10. Nc3 Bd6 11. Qa4 O-O 12. Qxd7 Nxd7 13. cxd5 e5 14. Nb5 Nhf6
15. Nxd6 cxd6 16. d4 Nxd5 17. dxe5 Nxe3+ 18. fxe3 Nxe5 19. Rfd1 Rfd8 20. Rd5
Ng4 21. Rad1 Nxe3+ 22. Kf2 Nxd1+ 23. Rxd1 f6 24. Nd4 Kf7 25. Nb5 d5 26. Nc7
Rac8 27. Nxd5 Rc5 28. e4 f5 29. Ke3 fxe4 30. Kxe4 Rc2 31. Rf1+ Kg8 32. Ne7+ Kh7
33. Rf7 Re2+ 34. Kf5 Rf2+ 35. Ke6 Rxf7 36. Kxf7 Rd2 37. Nc8 b6 38. Nxa7 Rd7+
39. Ke6 Rxa7 40. a3 Rc7 41. Kd6 Rc2 42. b4 Kg6 43. a4 Kf6 44. a5 bxa5 45. b5 a4
46. b6 a3 47. b7 Rb2 48. Kc7 a2 49. b8=Q Rxb8 50. Kxb8 0-1

[Event "Troy (TCC/DEU/4/14)"]
[Site "?"]
[Date "1993.??.??"]
[Round "?"]
[White "McNamara, Ron"]
[Black "Vangilder, W."]
[Result "0-1"]
[WhiteElo "1605"]
[BlackElo "1605"]
[PlyCount "68"]
[EventDate "1993.??.??"]

{4/(14)} 1. e4 Nc6 2. Nc3 Nf6 3. f4 d5 4. e5 Ne4 5. Nxe4 dxe4 6. Bc4 Bf5 7. d3
Qd7 8. h3 h5 9. Be3 e6 10. d4 O-O-O 11. Ne2 Be7 12. Qd2 f6 13. O-O-O Bb4 14.
Nc3 Kb8 15. Qf2 Qe7 16. d5 Bxc3 17. dxc6 Bxb2+ 18. Kxb2 Qb4+ 19. Bb3 b6 20. Rd4
Rxd4 21. Bxd4 Rd8 22. c3 Qb5 23. Qg3 a5 24. a4 Qxc6 25. Qxg7 e3 26. exf6 e5 27.
fxe5 Kb7 28. f7 h4 29. Qf6 Qxg2+ 30. Ka3 Qxh1 31. Qxd8 Qa1+ 32. Ba2 Qc1+ 33.
Kb3 Be6+ 34. c4 Bxc4# 0-1

[Event "Flint (Beg/5)"]
[Site "?"]
[Date "1993.??.??"]
[Round "?"]
[White "McNamara, Ron"]
[Black "Talarczyk, G."]
[Result "0-1"]
[WhiteElo "1605"]
[BlackElo "1605"]
[PlyCount "84"]
[EventDate "1993.??.??"]

1. e4 c5 2. Nc3 Nc6 3. f4 Nf6 4. Nf3 Nd4 5. Nb5 Nxb5 6. Bxb5 Nxe4 7. b3 g6 8.
Bb2 Nf6 9. Bxf6 exf6 10. O-O Bg7 11. Re1+ Kf8 12. Qe2 Kg8 13. Qe8+ Qxe8 14.
Rxe8+ Bf8 15. Bxd7 Bxd7 16. Rxa8 a6 17. Ra7 c4 18. Re1 Bc5+ 19. Kh1 Bxa7 20.
Re7 cxb3 21. axb3 Bc6 22. Ne1 Kg7 23. Nd3 Re8 24. Rxe8 Bxe8 25. Nb2 Bb8 26. g3
Bc6+ 27. Kg1 g5 28. fxg5 fxg5 29. d4 Ba7 30. c3 Bd5 31. b4 h5 32. h3 h4 33. g4
Kg6 34. Kf2 f5 35. gxf5+ Kxf5 36. Nd1 g4 37. Ne3+ Ke4 38. hxg4 h3 39. Nxd5 Kxd5
40. g5 Kc4 41. g6 Kxc3 42. g7 Bxd4+ 0-1

[Event "Gaylord (NMO/4/18)"]
[Site "?"]
[Date "1993.??.??"]
[Round "?"]
[White "McNamara, Ron"]
[Black "Revnell, Joseph"]
[Result "0-1"]
[WhiteElo "1605"]
[BlackElo "1605"]
[PlyCount "70"]
[EventDate "1993.??.??"]

{4/(18)} 1. e4 e5 2. Nc3 d6 3. f4 exf4 4. Nf3 h6 5. Bc4 Qf6 6. O-O c6 7. d4 Bg4
8. h3 Bxf3 9. Rxf3 g5 10. b3 Nd7 11. Bb2 Bg7 12. Qd3 Qxd4+ 13. Qxd4 Bxd4+ 14.
Kh2 Ne5 15. Rff1 Nf6 16. Rad1 c5 17. Rxd4 cxd4 18. Nb5 O-O 19. Nxd6 Nxc4 20.
bxc4 Rad8 21. Nf5 Kh7 22. e5 Ne4 23. Re1 Nc5 24. Bxd4 Ne6 25. Rd1 Nxd4 26. Nxd4
Rfe8 27. c3 Rxe5 28. Rd2 Re3 29. Re2 Rxe2 30. Nxe2 Rd2 31. Nc1 Rc2 32. Nd3 Rxa2
33. Ne1 Ra3 34. Nf3 Rxc3 35. h4 Rxf3 0-1